[Event "Groningen op"]
[Site "Groningen"]
[Date "1995.??.??"]
[Round "?"]
[White "Rozentalis, Eduardas"]
[Black "Onischuk, Alexander"]
[Result "1/2-1/2"]
[WhiteElo "2610"]
[BlackElo "2575"]

1.e4 e5 2.Nf3 Nc6 3.Bb5 a6 4.Bxc6 dxc6 5.Nc3 f6 6.d4 exd4 7.Nxd4 c5 8.Nde2 Qxd1+
9.Nxd1 Be6 10.Bf4 O-O-O 11.Ne3 Ne7 12.Rd1 Rxd1+ 13.Kxd1 f5 14.exf5 Nxf5 15.Nxf5 Bxf5
16.Re1 Bd6 17.Bxd6 cxd6 18.Ng3 Rf8 19.Re7 Bg6 20.f3 Rf7 21.Re8+ Kd7 22.Rg8 h6
23.h4 Bh7 24.Rh8 Bf5 25.a3 Be6 26.Nh5 d5 27.Kd2 d4 28.Rh7 g6 29.Nf6+ Kc7
30.Rxf7+ Bxf7 31.Ng4 h5 32.Ne5 Be8 33.Kd3 Kd6 34.Ke4 Ke6 35.b3 a5 36.a4 b5
37.axb5 Bxb5 38.Nxg6 Bc6+ 39.Kd3 Bb5+ 40.Ke4  1/2-1/2

[Event "Groningen op"]
[Site "Groningen"]
[Date "1995.??.??"]
[Round "?"]
[White "Onischuk, Alexander"]
[Black "Kempinski, Robert"]
[Result "1/2-1/2"]
[WhiteElo "2575"]
[BlackElo "2455"]

1.c4 Nf6 2.Nc3 g6 3.e4 d6 4.d4 Bg7 5.Be2 O-O 6.Nf3 Na6 7.O-O e5 8.Be3 Ng4
9.Bg5 Qe8 10.dxe5 h6 11.Bd2 Nxe5 12.Be3 Be6 13.Nxe5  1/2-1/2

[Event "Groningen op"]
[Site "Groningen"]
[Date "1995.??.??"]
[Round "?"]
[White "Onischuk, Alexander"]
[Black "Degraeve, Jean Marc"]
[Result "1-0"]
[WhiteElo "2575"]
[BlackElo "2410"]

1.e4 c5 2.c3 Nf6 3.e5 Nd5 4.d4 cxd4 5.Nf3 e6 6.cxd4 d6 7.a3 Bd7 8.Bd3 Bc6
9.O-O Nd7 10.b4 a6 11.Re1 Be7 12.Nbd2 dxe5 13.dxe5 Nf4 14.Be4 Rc8 15.Nf1 Bxe4
16.Rxe4 Nd5 17.Rg4 Kf8 18.Rd4 N7b6 19.Ng3 Rc4 20.Ne4 Qc7 21.Bb2 g6 22.Nd6 Rxd4
23.Nxd4 Kg7 24.Qf3 Rf8 25.Rc1 Qd7 26.Nb3 Na4 27.Bd4 b6 28.Qxd5 exd5 29.e6+ f6
30.exd7 Bxd6 31.Rc6 Be7 32.Bxb6 Nxb6 33.Rxb6 Rd8 34.Rb7 Kf7 35.Nd4  1-0

[Event "Groningen op"]
[Site "Groningen"]
[Date "1995.??.??"]
[Round "?"]
[White "Hetey, Laszlo"]
[Black "Onischuk, Alexander"]
[Result "0-1"]
[WhiteElo "2290"]
[BlackElo "2575"]

1.d4 Nf6 2.c4 e6 3.Nc3 Bb4 4.e3 O-O 5.Ne2 d5 6.a3 Be7 7.cxd5 exd5 8.g3 a5
9.Bg2 c6 10.O-O Nbd7 11.h3 Re8 12.g4 Nf8 13.f4 h6 14.Ng3 Ng6 15.Bh1 Bd6 16.e4 dxe4
17.Ncxe4 Nxe4 18.Bxe4 Qh4 19.Kg2 h5 20.Nf5 Bxf5 21.Bxf5 Qf6 22.Kh1 Rad8 23.Qd3 hxg4
24.hxg4 Nxf4 25.Bxf4 Bxf4 26.Rxf4 Qh6+  0-1

[Event "Wch U20"]
[Site "Halle"]
[Date "1995.??.??"]
[Round "1"]
[White "Perdomo, Carlos Andres"]
[Black "Onischuk, Alexander"]
[Result "0-1"]
[WhiteElo "2320"]
[BlackElo "2575"]

1.e4 e5 2.Nf3 Nc6 3.Bb5 a6 4.Ba4 Nf6 5.O-O b5 6.Bb3 Bc5 7.d3 Bb7 8.Nc3 O-O
9.Nd5 Nxd5 10.Bxd5 d6 11.c3 Qc8 12.d4 Bb6 13.Re1 exd4 14.cxd4 Ne7 15.Bb3 c5
16.Bf4 c4 17.Bc2 Qd7 18.Qd2 Ng6 19.Bg3 Rfe8 20.a4 Qd8 21.Re3 Ba5 22.Qe2 Bc6
23.h4 Nf8 24.h5 h6 25.Nh4 Bd7 26.axb5 axb5 27.Qf3 Bb6 28.Rxa8 Qxa8 29.Ra3 Qd8
30.Qc3 Qf6 31.e5 dxe5 32.dxe5 Qg5 33.Ra6 Bc5 34.b3 b4 35.Qxc4 Qxg3 36.Qxc5 Qxh4
37.Rb6 Qf4 38.Qxb4 Qxe5  0-1

[Event "Wch U20"]
[Site "Halle"]
[Date "1995.??.??"]
[Round "3"]
[White "Relange, Eloi"]
[Black "Onischuk, Alexander"]
[Result "1/2-1/2"]
[WhiteElo "2455"]
[BlackElo "2575"]

1.e4 e5 2.Nf3 Nc6 3.d4 exd4 4.Nxd4 Bc5 5.Nxc6 Qf6 6.Qd2 dxc6 7.Nc3 Ne7 8.Qf4 Ng6
9.Qxf6 gxf6 10.Na4 Bd6 11.Be3 f5 12.exf5 Bxf5 13.O-O-O O-O-O 14.g3 Bg4 15.Rd4 f5
16.Bg2 f4 17.gxf4 Nh4 18.f5 Rhg8 19.h3 Bxf5 20.Bxc6 Ng2 21.Bd5 Rg6 22.Bxg2 Rxg2
23.Nc3 Re8 24.Rd5 Re5 25.Rhd1 Be6 26.Rxe5 Bxe5 27.Nd5 b6 28.Bf4 Bxd5 29.Rxd5  1/2-1/2

[Event "Wch U20"]
[Site "Halle"]
[Date "1995.??.??"]
[Round "4"]
[White "Onischuk, Alexander"]
[Black "Kasimdzhanov, Rustam"]
[Result "0-1"]
[WhiteElo "2575"]
[BlackElo "2435"]

1.c4 e6 2.Nf3 d5 3.b3 Nf6 4.g3 Be7 5.Bb2 O-O 6.Bg2 c5 7.O-O Nc6 8.e3 d4 9.exd4 cxd4
10.Re1 Ne8 11.d3 f6 12.a3 a5 13.Nbd2 Nc7 14.Nh4 e5 15.Qh5 g5 16.Be4 f5 17.Bxc6 bxc6
18.Nhf3 c5 19.Nxe5 Bb7 20.Ndf3 Ra6 21.h4 gxh4 22.Nxh4 Bxh4 23.gxh4 Ne6 24.Bc1 Ng7
25.Qg5 Qe8 26.Bd2 h6 27.Qg3 Kh7 28.f3 Nh5 29.Qh2 Re6 30.Bf4 Qe7 31.Ra2 Bxf3
32.Kf1 Re8 33.b4 Bg4 34.bxa5 Nxf4 35.Qxf4 Qxh4 36.Rg2 Be2+  0-1

[Event "Wch U20"]
[Site "Halle"]
[Date "1995.??.??"]
[Round "5"]
[White "Garbisu, Unai"]
[Black "Onischuk, Alexander"]
[Result "0-1"]
[WhiteElo "2395"]
[BlackElo "2575"]

1.e4 e5 2.Nf3 Nc6 3.Bb5 a6 4.Ba4 Nf6 5.O-O b5 6.Bb3 Bc5 7.Nxe5 Nxe5 8.d4 Bxd4
9.Qxd4 d6 10.f4 Nc6 11.Qc3 Bb7 12.e5 Ne4 13.Qe1 Nd4 14.Nc3 Nxb3 15.axb3 Nxc3
16.bxc3 O-O 17.Ba3 Re8 18.Rd1 Re6 19.Qd2 Qh4 20.exd6 cxd6 21.f5 Re4 22.Bxd6 Rae8
23.Bg3 Qg4 24.Rde1 Rxe1 25.Rxe1 Rxe1+ 26.Qxe1 h5 27.Qe7 Be4 28.h3 Qxf5 29.Qe5 Qg6
30.Qd6 f6 31.Qf4 Bxc2 32.b4 Be4 33.Kh2 Bc6 34.Qd2 Qe4 35.Bb8 h4 36.Bc7 Kf7
37.Bb8 g5 38.Bc7 Kg6 39.Bb8 Bd5 40.Bc7  0-1

[Event "Wch U20"]
[Site "Halle"]
[Date "1995.??.??"]
[Round "8"]
[White "Onischuk, Alexander"]
[Black "Vydeslaver, Alik"]
[Result "1-0"]
[WhiteElo "2575"]
[BlackElo "2445"]

1.c4 e5 2.Nc3 Bb4 3.Qb3 Nc6 4.Nf3 d6 5.a3 Bxc3 6.Qxc3 Nf6 7.e3 O-O 8.b4 e4
9.Nd4 Ne5 10.Bb2 Re8 11.c5 a5 12.Be2 axb4 13.axb4 Nd5 14.Qb3 Rxa1+ 15.Bxa1 dxc5
16.bxc5 Qg5 17.Kf1 c6 18.h3 Nd7 19.h4 Qe5 20.Qa3 N5f6 21.Nxc6 Qxc5 22.Qxc5 Nxc5
23.Nb4 Rd8 24.Bc3 Nb3 25.Ke1 Be6 26.f3 Nd5 27.Nxd5 Bxd5 28.Kf2 Bc6 29.Rb1 Nc5
30.Bb5 Bd5 31.Rb4 f5 32.Rd4 Ne6 33.Ra4 Nc5 34.Ra1 Kf7 35.h5 h6 36.Kg3 Nd7
37.fxe4 fxe4 38.Ba5 b6 39.Bc3 Nf6 40.Ra7+ Ke6 41.Kh4 Rg8 42.Ra6 Rb8 43.Bd4 Kf7
44.Bxb6 g5+ 45.hxg6+ Kxg6 46.Be2 Ra8 47.Rxa8 Bxa8 48.Bd4 Nd5 49.Bh5+ Kf5
50.Bf7 Nf6 51.Bxf6 Kxf6 52.Bc4 Bc6 53.Kg4 Ke5 54.Kh5 Be8+ 55.Kxh6 Kf5 56.Be2  1-0

[Event "Wch U20"]
[Site "Halle"]
[Date "1995.??.??"]
[Round "11"]
[White "Onischuk, Alexander"]
[Black "Gabriel, Christian"]
[Result "1-0"]
[WhiteElo "2575"]
[BlackElo "2475"]

1.e4 g6 2.d4 Bg7 3.Nc3 d6 4.Be3 c6 5.Nf3 b5 6.Bd3 Nf6 7.h3 O-O 8.O-O Nbd7
9.e5 Ne8 10.Bf4 dxe5 11.Nxe5 Nxe5 12.Bxe5 a6 13.Qf3 Bb7 14.Rad1 f6 15.Bg3 f5
16.Rfe1 Nf6 17.Ne2 Qd7 18.c4 Rae8 19.Be5 c5 20.Qe3 cxd4 21.Nxd4 f4 22.Qe2 bxc4
23.Bxc4+ Kh8 24.Ne6 Qc6 25.f3  1-0

[Event "Wch U20"]
[Site "Halle"]
[Date "1995.??.??"]
[Round "12"]
[White "Onischuk, Alexander"]
[Black "Irzhanov, Ruslan"]
[Result "1-0"]
[WhiteElo "2575"]
[BlackElo "2480"]

1.e4 g6 2.d4 Bg7 3.Nc3 d6 4.Be3 Nf6 5.Qd2 Ng4 6.Bg5 h6 7.Bh4 c6 8.h3 Nf6
9.g4 b5 10.Bg2 e5 11.dxe5 dxe5 12.Qxd8+ Kxd8 13.f4 Kc7 14.Bg3 Nh7 15.Nf3 Re8
16.Nxe5 Bxe5 17.fxe5 Kb7 18.a4 a6 19.axb5 axb5 20.Rxa8 Kxa8 21.O-O Be6 22.Nd5 Kb7
23.Nf4 Rf8 24.Rd1 g5 25.Nh5 Rg8 26.Nf6 Rh8 27.Bf2 Nf8 28.Ra1 Nfd7 29.Ra7+ Kc8
30.Bd4 Rd8 31.Nd5 cxd5 32.exd5 Bxd5 33.Bxd5 Nc5 34.Bxc5 Rxd5 35.Bd6 Nd7 36.Rc7+ Kd8
37.Kf2 f5 38.gxf5 Nxe5 39.Rc5 Rxd6 40.Rxe5 Rd2+ 41.Kg3 Rxc2 42.f6 Kd7 43.f7 Rc8
44.Kg4 Rf8 45.Rxb5  1-0

[Event "Hastings Masters"]
[Site "Hastings"]
[Date "1995.??.??"]
[Round "1"]
[White "Stebbings, Anthony"]
[Black "Onischuk, Alexander"]
[Result "1/2-1/2"]
[WhiteElo "2280"]
[BlackElo "2575"]

1.e4 e5 2.Nf3 Nc6 3.Bb5 a6 4.Ba4 Nf6 5.Qe2 d6 6.c3 Bd7 7.O-O g6 8.d4 Bg7
9.d5 Ne7 10.Bxd7+ Qxd7 11.c4 h6 12.Nc3 g5 13.b4 Ng6 14.g3 O-O 15.Bd2 Qh3
16.Ne1 Nd7 17.f3 f5 18.Nd3 fxe4 19.fxe4 Nf6 20.c5 Qd7 21.Rac1 Rf7 22.Kg2 Raf8
23.a4 g4 24.b5 c6 25.bxc6 bxc6 26.Nb4 Ne7 27.dxc6 Nxc6 28.Nxc6 Qxc6 29.cxd6 Qxd6
30.Be3 Qc6 31.Nd5 Qxa4 32.Bc5 Re8 33.Nxf6+ Rxf6 34.Rxf6 Bxf6 35.Qxg4+ Bg7
36.Be3 Qa2+ 37.Kh3 Qe6 38.Qxe6+ Rxe6 39.Rc7 Kh7 40.Ra7 Kg6 41.Kg2 h5 42.Bd2 Bf8
43.Bc3 Kf6 44.Kh3 Bc5 45.Rd7 Rc6 46.Rd5 Bd6 47.Kh4 Ke6 48.Ba1 Bc7 49.Rd2 Rc4
50.Re2 a5 51.Kxh5 a4 52.g4 a3 53.g5 Bd8 54.h4 Rc1 55.Ra2 Be7 56.Kh6 Rc8 57.Kh5 Rc4
58.Re2 Rc1 59.Ra2 Re1 60.Kh6 Rxe4 61.h5 Kf7 62.g6+ Kg8 63.Rg2 Re1 64.Bc3 Re3
65.Ba1 Re1 66.Bc3 Re3 67.Ba1  1/2-1/2

[Event "Hastings Masters"]
[Site "Hastings"]
[Date "1995.??.??"]
[Round "2"]
[White "Onischuk, Alexander"]
[Black "Wilson, Jonathan"]
[Result "1-0"]
[WhiteElo "2575"]
[BlackElo "2245"]

1.c4 f5 2.Nf3 Nf6 3.g3 g6 4.Bg2 Bg7 5.O-O O-O 6.d4 d6 7.Nc3 Qe8 8.d5 Na6
9.Rb1 c6 10.dxc6 bxc6 11.b4 Bd7 12.Qb3 Kh8 13.Rd1 h6 14.a3 g5 15.Nd4 Nc7
16.b5 c5 17.Nc6 Ne6 18.Nd5 Nxd5 19.Bxd5 f4 20.Bb2 Qf7 21.Bxg7+ Qxg7 22.e3 fxg3
23.hxg3 g4 24.Qb2 Ng5 25.Qxg7+ Kxg7 26.Rb2 Kf6 27.a4 Rfc8 28.Kf1 e6 29.Bg2 Nf7
30.Na5 Rab8 31.Nb7 d5 32.cxd5 Rxb7 33.dxe6 Bc6 34.Bxc6 Rxc6 35.bxc6 Rxb2
36.c7  1-0

[Event "Hastings Masters"]
[Site "Hastings"]
[Date "1995.??.??"]
[Round "3"]
[White "Parker, Jonathan"]
[Black "Onischuk, Alexander"]
[Result "0-1"]
[WhiteElo "2415"]
[BlackElo "2575"]

1.d4 Nf6 2.Nf3 e6 3.c4 b6 4.Nc3 Bb7 5.g3 Bb4 6.Bg2 O-O 7.O-O Bxc3 8.bxc3 d6
9.d5 exd5 10.Nh4 Re8 11.cxd5 Nbd7 12.Re1 Ne4 13.c4 Qf6 14.Be3 Nc3 15.Qd2 Nc5
16.Rac1 N3e4 17.Qc2 Bc8 18.Nf3 Bd7 19.Bd4 Qh6 20.e3 Qh5 21.Nd2 Bf5 22.Bxc5 Nxc5
23.e4 Bg4 24.Nb3 Nxb3 25.Qxb3 Re7 26.Re3 Rae8 27.Rce1 Qe5 28.h3 Bd7 29.Kh2 Qd4
30.Qc3 Qxc3 31.Rxc3 f5 32.Rce3 Kf7 33.f4 Kf6 34.g4 fxg4 35.hxg4 Bxg4 36.Ra3 a5
37.c5 dxc5 38.e5+ Kf7 39.Bh3 Bxh3 40.Rxh3 Rd8 41.e6+ Kf6 42.Re5 g6 43.Rb3 Rd6
44.a4 c4 45.Rb5 c3 46.Re3 c5 47.Rxc3 Kf5 48.Kg3 Ke4 49.Rcb3 Kxd5 50.Rd3+ Kxe6
51.Rxd6+ Kxd6 52.Rxb6+ Kd5 53.Ra6 c4 54.Rxa5+ Kd4 55.Ra8 c3 56.Rd8+ Kc4 57.a5 Rc7  0-1

[Event "Hastings Masters"]
[Site "Hastings"]
[Date "1995.??.??"]
[Round "5"]
[White "Tebb, David"]
[Black "Onischuk, Alexander"]
[Result "0-1"]
[WhiteElo "2315"]
[BlackElo "2575"]

1.e4 e5 2.Nc3 Nf6 3.g3 d5 4.exd5 Nxd5 5.Bg2 Nxc3 6.bxc3 Bd6 7.Ne2 O-O 8.O-O Nd7
9.d3 Nf6 10.c4 c6 11.Rb1 Re8 12.Nc3 h6 13.h3 Bd7 14.g4 Qc7 15.Be3 b6 16.Bf3 Rad8
17.Kg2 Be7 18.Rh1 Qc8 19.Qe2 Nh7 20.Ne4 Nf8 21.h4 Ng6 22.Kg3 Qa6 23.Qd2 f5
24.gxf5 Bxf5 25.h5 Nf4 26.Bxf4 exf4+ 27.Kg2 Rf8 28.Qe2 Rde8 29.Rhe1 Qc8 30.Kh2 Bc5
31.Qf1 Bxe4 32.Rxe4 Rxe4 33.dxe4 Qd8 34.Qe2 Re8 35.Rd1 Qh4+ 36.Kg2 Re5 37.Rh1 Qg5+
38.Kf1 Re8 39.Rg1 Qd8 40.Kg2 Qh4 41.Rd1 Re5 42.Rh1 Qg5+ 43.Kf1 Qd8 44.Qd3 Qe7
45.Ke2 Re6 46.Rd1 Rd6 47.Qb3 Qh4 48.Rxd6 Qxf2+ 49.Kd1 Qf1+ 50.Kd2 Be3+ 51.Kc3 Qe1+
52.Kb2 Bc1+ 53.Ka1 Bd2+  0-1

[Event "Hastings Masters"]
[Site "Hastings"]
[Date "1995.??.??"]
[Round "7"]
[White "Onischuk, Alexander"]
[Black "Emms, John M"]
[Result "1/2-1/2"]
[WhiteElo "2575"]
[BlackElo "2485"]

1.Nf3 c5 2.e4 e6 3.d3 Nc6 4.g3 g6 5.Bg2 Bg7 6.O-O Nge7 7.c3 e5 8.Be3 d6 9.Nh4 O-O
10.Nd2 Be6 11.a3 Qd7 12.b4 b6 13.b5 Nd8 14.c4 Rb8 15.Ra2 Bh3 16.a4 Bxg2 17.Nxg2 Ne6
18.a5 f5 19.f4 Kh8 20.Nf3 fxe4 21.dxe4 Nd4 22.Qd3 Rbe8 23.Raf2 Kg8 24.Bd2 Nc8
25.Nxd4 cxd4 26.a6 Qe7 27.Re2 Rf7 28.Ree1 Qd7 29.Nh4 Kh8 30.f5 gxf5 31.Nxf5 Ne7
32.Bg5 Nxf5 33.Rxf5 Rxf5 34.exf5 d5 35.f6 Bf8 36.Rf1 Qf7 37.cxd5 e4 38.Qc4 Bc5
39.Bh6 e3 40.Kg2 Rd8 41.Rf5 Qg6 42.Bg7+ Kg8 43.Re5 h6 44.Bxh6 Qxh6 45.d6+ Kf8
46.Qe6 Bxd6 47.Rd5 Qh7 48.Rxd4 Qc2+ 49.Kh3 Qh7+ 50.Rh4 Qg8 51.Qxe3 Re8 52.Qh6+ Kf7
53.Qd2 Re6 54.Qd5 Qg6 55.Rh5 Kxf6 56.Qf3+ Kg7 57.Rh4 Re5 58.Qb7+ Re7 59.Qf3 Re5
60.Rg4 Rg5 61.Qb7+ Kh6 62.Rxg5 Qxg5 63.Qxa7 Qh5+ 64.Kg2 Qe2+ 65.Kh3 Qh5+  1/2-1/2

[Event "Nikolaev zt"]
[Site "Nikolaev"]
[Date "1995.??.??"]
[Round "3"]
[White "Stripunsky, Alexander"]
[Black "Onischuk, Alexander"]
[Result "0-1"]
[WhiteElo "2495"]
[BlackElo "2590"]

1.e4 e5 2.Nf3 Nc6 3.Bb5 d6 4.Bxc6+ bxc6 5.d4 exd4 6.Nxd4 Bd7 7.O-O g6 8.Nc3 Bg7
9.Re1 Ne7 10.Bf4 f6 11.Qd3 c5 12.Nb3 O-O 13.Rad1 Be6 14.Na5 Qd7 15.Nd5 Rae8
16.Nc4 Nxd5 17.exd5 Bf5 18.Qd2 g5 19.Bg3 Qa4 20.Ne3 Bg6 21.c4 Qxa2 22.Ra1 Qb3
23.Ra3 Qb4 24.Qxb4 cxb4 25.Rxa7 f5  0-1

[Event "Nikolaev zt"]
[Site "Nikolaev"]
[Date "1995.??.??"]
[Round "5"]
[White "Novikov, Igor A"]
[Black "Onischuk, Alexander"]
[Result "1/2-1/2"]
[WhiteElo "2590"]
[BlackElo "2590"]

1.d4 Nf6 2.c4 e6 3.Nf3 b6 4.g3 Ba6 5.b3 Bb4+ 6.Bd2 Be7 7.Bg2 O-O 8.O-O d5
9.cxd5 Nxd5 10.Nc3 Nd7 11.Nxd5 exd5 12.Rc1 c5 13.Be3 Re8 14.Re1 Bb7 15.Rc2 Bf8
16.Qc1 cxd4 17.Bxd4 Nc5 18.Rd1 Rc8 19.Bb2 Ne4 20.Bh3 Rxc2 21.Qxc2 Bc5 22.Bd4 Qe7
23.e3 Qd6 24.Qb2 Ba3 25.Qc2 Bc5 26.Qb2 Ba3 27.Qc2  1/2-1/2

[Event "Nikolaev zt"]
[Site "Nikolaev"]
[Date "1995.??.??"]
[Round "9"]
[White "Onischuk, Alexander"]
[Black "Bologan, Viktor"]
[Result "1/2-1/2"]
[WhiteElo "2590"]
[BlackElo "2540"]

1.Nf3 Nf6 2.c4 g6 3.Nc3 Bg7 4.d4 O-O 5.e4 d6 6.Be2 e5 7.dxe5 dxe5 8.Qxd8 Rxd8
9.Bg5 Rf8 10.Nd5 Nxd5 11.cxd5 c6 12.Bc4 b5 13.Bb3 Bb7 14.Rc1 a5 15.a3 a4
16.Ba2 Rc8 17.Be7 Bh6 18.Rd1 cxd5 19.O-O Re8 20.Bd6 Bf8 21.Bxd5 Bxd6 22.Bxb7 Ra7
23.Rxd6 Rxb7 24.Rfd1 Ree7 25.h4 h5 26.R1d5 Nd7 27.Ra6 Kg7 28.Ra5 b4 29.axb4 Nf6
30.Rxe5 Red7 31.Reb5 Rxb5 32.Rxb5 Rd1+ 33.Kh2 Nxe4 34.Ra5 Rb1 35.Rxa4 Rxb2
36.Ne5 Nxf2 37.Kg3 Ne4+ 38.Kf3 Nd6 39.Nd3 Rb1 40.Ra2 Nf5 41.Rb2 Nxh4+ 42.Kf2 Rxb2+
43.Nxb2 Kf6 44.b5 Ke6 45.b6 Kd7 46.Nd3 Kc6 47.Ne5+  1/2-1/2

[Event "Nikolaev zt"]
[Site "Nikolaev"]
[Date "1995.??.??"]
[Round "10"]
[White "Kruppa, Yuri"]
[Black "Onischuk, Alexander"]
[Result "1-0"]
[WhiteElo "2555"]
[BlackElo "2590"]

1.e4 e5 2.Nf3 Nc6 3.Bb5 a6 4.Ba4 Nf6 5.O-O b5 6.Bb3 Bc5 7.Nxe5 Nxe5 8.d4 Bxd4
9.Qxd4 d6 10.c4 c5 11.Qd1 O-O 12.cxb5 axb5 13.Bg5 c4 14.Bc2 b4 15.Nd2 Ba6
16.Re1 Ng6 17.Nf1 h6 18.Bd2 Rb8 19.Ng3 Ne5 20.h3 Re8 21.Nf5 Bc8 22.Nd4 Bd7
23.Be3 Qa5 24.f3 Qa6 25.Bf2 Rbc8 26.Kh1 Nh5 27.Be3 d5 28.f4 dxe4 29.fxe5 Rxe5
30.Ne2 Bc6 31.Qd6 Qa5 32.Bb6 Qd5 33.Rad1 Qxd6 34.Rxd6 f5 35.Bd4 Ra5 36.g4 fxg4
37.hxg4 Nf6 38.Bxf6 gxf6 39.Nd4 Ba8 40.Nf5 Rc7 41.Rxf6 Rd7 42.Rg6+ Kf7 43.Rd6 Rda7
44.Rb6 Rxa2 45.Nd6+ Kg7 46.Nxc4 Ra1 47.Rxa1 Rxa1+ 48.Kh2 Re1 49.Kg3 Re2 50.Bb3 e3
51.Nd6 Kf6 52.Nf5+ Kg5 53.Nh4 Be4 54.Bd5  1-0

[Event "Viernheim"]
[Site "Viernheim"]
[Date "1995.??.??"]
[Round "2"]
[White "Beikert, Guenther"]
[Black "Onischuk, Alexander"]
[Result "1/2-1/2"]
[WhiteElo "2455"]
[BlackElo "2575"]

1.e4 c5 2.Nf3 Nc6 3.Bb5 e6 4.O-O Nge7 5.Re1 Nd4 6.Bf1 Nec6 7.d3 Nxf3+ 8.Qxf3 g6
9.g3 Bg7 10.c3 O-O 11.h4 d6 12.Nd2 e5 13.h5 Be6 14.Nc4 f5 15.hxg6 hxg6 16.exf5 gxf5
17.Bh3 Qd7 18.Bg5 d5 19.Nd2 e4 20.Qh1 Ne5 21.Bf1 c4 22.d4 Nf7 23.Bf4 Bf6
24.f3 Kg7 25.Re2 Rh8 26.Rh2 b5 27.Rxh8 Rxh8 28.Qg2 Bg5 29.Kf2 Bf6 30.a3 a5
31.Be2 Ng5 32.Bxg5 Bxg5 33.f4 Bf6 34.Nf1 Kf8 35.Ne3 Qg7 36.Rh1 Bxd4 37.Rxh8+ Qxh8
38.cxd4 Qxd4 39.Qh3 Qxb2 40.Qh6+ Ke7 41.Qh7+ Kd6 42.Nxf5+ Bxf5 43.Qxf5 Qg7
44.Qc8 Qa7+ 45.Kg2 b4 46.axb4 axb4 47.f5 b3 48.Qe6+ Kc5 49.f6 b2 50.f7 Qxf7
51.Qxf7 b1=Q 52.Qa7+ Qb6 53.Qe7+ Qd6 54.Qa7+ Qb6 55.Qe7+  1/2-1/2

[Event "Viernheim"]
[Site "Viernheim"]
[Date "1995.??.??"]
[Round "3"]
[White "Onischuk, Alexander"]
[Black "Sokolov, Andrei"]
[Result "1-0"]
[WhiteElo "2575"]
[BlackElo "2585"]

1.d4 g6 2.c4 Bg7 3.Nc3 c5 4.d5 f5 5.e4 Bxc3+ 6.bxc3 fxe4 7.f3 Nf6 8.fxe4 Qa5
9.Qc2 d6 10.Bd3 Nbd7 11.Nf3 Ne5 12.O-O Nxf3+ 13.Rxf3 Ng4 14.Bf4 Bd7 15.e5 Nxe5
16.Bxe5 dxe5 17.Re1 Qc7 18.Rfe3 Qd6 19.Rxe5 Rf8 20.Rxe7+ Qxe7 21.Qc1 Rf7
22.d6 Qxe1+ 23.Qxe1+ Kf8 24.Qe5 Kg8 25.Qxc5 Re8 26.h3 Bc6 27.Qd4 Re1+ 28.Kh2 Rd1
29.Qe3 Rf8 30.c5 Re8 31.Bc4+ Kg7 32.Qf2 Re4 33.Bb3 Rde1 34.Qf7+ Kh6 35.Bd5  1-0

[Event "Viernheim"]
[Site "Viernheim"]
[Date "1995.??.??"]
[Round "4"]
[White "Grund, Holger"]
[Black "Onischuk, Alexander"]
[Result "1/2-1/2"]
[WhiteElo "2335"]
[BlackElo "2575"]

1.e4 c5 2.Nf3 Nc6 3.Bb5 e6 4.Bxc6 bxc6 5.O-O Ne7 6.d3 Ng6 7.a3 Be7 8.Nbd2 O-O
9.Nc4 d6 10.Bd2 e5 11.b4 cxb4 12.axb4 f5 13.Ra3 Be6 14.Qe2 Bxc4 15.dxc4 fxe4
16.Qxe4 d5 17.Qg4 Qd6 18.Ra6 Kh8 19.cxd5 Qxd5 20.Ra5 Qd8 21.Be3 Qb8 22.c3 Bd8
23.Rc5 Qd6 24.Qe4 Rc8 25.h4 Bb6 26.h5 Nf4 27.Ng5 Qd3 28.Qxd3 Nxd3 29.Rc4 Rf5
30.Ne4 Nb2 31.Nd6 Nxc4 32.Nxf5 g6 33.hxg6 hxg6 34.Bxb6 axb6 35.Ne7 Rd8 36.Re1 Rd6
37.b5 cxb5 38.Rb1 Rd7 39.Nxg6+ Kg7 40.Nh4 Rd5 41.Nf5+ Kf6 42.Ne3 Nxe3 43.fxe3 Kf5
44.Rb4 Rc5 45.Kf2 Rxc3 46.g4+ Kg5 47.Rxb5 Kxg4 48.Rxe5 Rc2+ 49.Ke1 Kf3 50.Kd1 Rc5  1/2-1/2

[Event "Viernheim"]
[Site "Viernheim"]
[Date "1995.??.??"]
[Round "6"]
[White "Schlindwein, Rolf"]
[Black "Onischuk, Alexander"]
[Result "1/2-1/2"]
[WhiteElo "2440"]
[BlackElo "2575"]

1.d4 f5 2.Bf4 Nf6 3.e3 e6 4.Bd3 b6 5.Nf3 Bb7 6.Nbd2 Be7 7.h3 O-O 8.c3 Ne4
9.Rg1 c5 10.Qc2 d5 11.g4 Nc6 12.gxf5 exf5 13.Ne5 Nxe5 14.Bxe5 Bf6 15.Nf3 Bxe5
16.Nxe5 Qh4 17.Bxe4 fxe4 18.Rg3 cxd4 19.exd4 Qf4 20.Ng4 Ba6 21.Qc1 h5 22.Qxf4 Rxf4
23.Ne3 Raf8 24.Rg2 Rf3 25.Rd1 Rxh3 26.Nxd5 Bd3 27.Ne3 Rhf3 28.Rh2 g6 29.c4 Kf7
30.Rc1 Ke6 31.c5 bxc5 32.Rxc5 Rd8 33.Rc6+ Rd6 34.Rc7 Rxd4 35.Rg2 Rf6 36.Rg7 Rd7
37.R2xg6 Rf7 38.Ng2 Ke7 39.Rxf7+ Kxf7 40.Rg5 Rg6 41.Rf5+ Ke6 42.Nh4 e3 43.Nxg6 Kxf5
44.Ne7+ Kg4 45.fxe3 h4 46.Kf2 h3 47.Ng8 Bc4 48.Nf6+ Kf5 49.b3 h2 50.Kg2 Bf1+
51.Kxh2 Kxf6 52.Kg1  1/2-1/2

[Event "Viernheim"]
[Site "Viernheim"]
[Date "1995.??.??"]
[Round "7"]
[White "Onischuk, Alexander"]
[Black "Schmaltz, Roland"]
[Result "0-1"]
[WhiteElo "2575"]
[BlackElo "2445"]

1.e4 d6 2.d4 Nf6 3.Nc3 g6 4.Be3 c6 5.h3 Qa5 6.Bd3 e5 7.Ne2 Bg7 8.O-O O-O
9.f4 exd4 10.Nxd4 Nbd7 11.Qf3 Re8 12.g4 h6 13.Qf2 Re7 14.Nf3 b5 15.e5 dxe5
16.fxe5 Nxe5 17.Nxe5 Rxe5 18.Bd4 Re6 19.Rae1 Qc7 20.Qg2 Rxe1 21.Rxe1 Bb7
22.Be5 Qb6+ 23.Qf2 Qxf2+ 24.Kxf2 a6 25.Bd6 Bf8 26.Be7 Nd7 27.Bxf8 Kxf8 28.Ne4 Rd8
29.a4 Ne5 30.Bf1 Bc8 31.a5 Ke7 32.Kg3 f5 33.Kf4 g5+  0-1

[Event "Viernheim"]
[Site "Viernheim"]
[Date "1995.??.??"]
[Round "9"]
[White "Onischuk, Alexander"]
[Black "Siegel, Georg"]
[Result "1-0"]
[WhiteElo "2575"]
[BlackElo "2480"]

1.e4 c5 2.Nf3 d6 3.d4 cxd4 4.Nxd4 Nf6 5.Nc3 Nc6 6.Bc4 Qb6 7.Nb3 e6 8.Bf4 Ne5
9.Be2 a6 10.Be3 Qc7 11.f4 Nc4 12.Bxc4 Qxc4 13.Qf3 Qc7 14.O-O-O b5 15.a3 Bb7
16.f5 exf5 17.Qxf5 Rc8 18.Bd4 Be7 19.e5 g6 20.exd6 gxf5 21.dxc7 Rxc7 22.Rhe1 Kf8
23.Rxe7 Kxe7 24.Re1+ Be4 25.g4 Rd8 26.gxf5 Rc4 27.Nxe4 Rcxd4 28.Nec5+ Kd6
29.Ne6 fxe6 30.Rxe6+ Kd5 31.Nxd4 Ne4 32.Nf3 Nc5 33.Re5+ Kd6 34.Re1 Rf8 35.Rd1+  1-0

[Event "Hoogovens"]
[Site "Wijk aan Zee"]
[Date "1995.??.??"]
[Round "?"]
[White "Short, Nigel D"]
[Black "Onischuk, Alexander"]
[Result "1/2-1/2"]
[WhiteElo "2640"]
[BlackElo "2585"]

1.e4 e5 2.Nf3 Nc6 3.Bb5 a6 4.Ba4 Nf6 5.O-O b5 6.Bb3 Bc5 7.a4 Bb7 8.d3 O-O
9.Nc3 b4 10.Nd5 Nxd5 11.Bxd5 d6 12.a5 Rb8 13.c3 bxc3 14.bxc3 Ne7 15.Bc4 d5
16.exd5 Nxd5 17.Nxe5 Nxc3 18.Nxf7 Qh4 19.Qe1 Nd5 20.Qe4 Qh5 21.d4 Nb6 22.Nd6+ Nxc4
23.Nxb7 Bd6 24.h3 Qf5 25.Qc6 Qd3 26.Nxd6 cxd6 27.Qxa6 Qxd4 28.Ra4 Rfc8 29.Be3 Qd5
30.Qa7 Ra8 31.Qd7 Rd8 32.Qg4 Nxe3 33.fxe3 Rxa5 34.Rxa5 Qxa5 35.Qe6+ Kh8 36.Qxd6 Qa8
37.Qf4 Re8 38.e4 h6 39.e5 Qd5 40.Re1 Kg8 41.Kh2 Qe6 42.Qe4 Re7 43.h4 Re8
44.Re3 Re7 45.Kg3 Re8 46.Qg4 Qb6 47.Re4 Re6 48.Kh2 Qc6 49.Qf5 Qe8 50.Kh3 Qf7
51.Qg4 h5 52.Qg5 Rg6 53.Qf4 Qxf4 54.Rxf4 Re6 55.Re4 Kf7 56.g4 hxg4+ 57.Kxg4 Rg6+
58.Kf5 Rg1 59.Ra4 g6+ 60.Kf4 Rf1+ 61.Ke4 Re1+ 62.Kd5 Rd1+ 63.Rd4 Ra1 64.Rc4 Rd1+
65.Rd4 Ra1 66.Rf4+ Ke7 67.Rg4 Rd1+ 68.Ke4 Re1+ 69.Kf4 Kf7 70.Rg3 Rf1+ 71.Rf3 Rg1
72.Rf2 Ke6 73.Re2 Rf1+ 74.Kg5 Rg1+ 75.Kh6 Rg4 76.h5 gxh5 77.Kxh5  1/2-1/2

[Event "Hoogovens"]
[Site "Wijk aan Zee"]
[Date "1995.??.??"]
[Round "?"]
[White "Onischuk, Alexander"]
[Black "Romero Holmes, Alfonso"]
[Result "1-0"]
[WhiteElo "2585"]
[BlackElo "2450"]

1.c4 g6 2.Nc3 Bg7 3.d4 d6 4.e4 Nf6 5.Be2 O-O 6.Be3 e5 7.d5 Na6 8.Nf3 Ng4
9.Bg5 f6 10.Bh4 Qe8 11.Nd2 f5 12.exf5 gxf5 13.Bxg4 fxg4 14.Nde4 Qh5 15.Bg3 b6
16.Qa4 Nc5 17.Nxc5 bxc5 18.Qc6 Bf5 19.O-O Qf7 20.Rad1 a6 21.Bh4 Rab8 22.b3 Rb6
23.Qa4 Qh5 24.Be7 Re8 25.Bg5 Qg6 26.Bd2 Bd3 27.Rfe1 e4 28.Ne2 Be5 29.Nf4 Bxf4
30.Bxf4 Rf8 31.Bg3 Qf6 32.Re3 h5 33.Qd7 Qf7 34.Qxf7+ Kxf7 35.f3 gxf3 36.gxf3 Re8
37.fxe4 Bxe4 38.Rf1+ Kg6 39.Rf4  1-0

[Event "Hoogovens"]
[Site "Wijk aan Zee"]
[Date "1995.??.??"]
[Round "?"]
[White "Romero Holmes, Alfonso"]
[Black "Onischuk, Alexander"]
[Result "0-1"]
[WhiteElo "2450"]
[BlackElo "2585"]

1.e4 e5 2.Nf3 Nc6 3.Nc3 Nf6 4.g3 d5 5.exd5 Nxd5 6.Bg2 Nxc3 7.bxc3 Bd6 8.O-O O-O
9.d4 exd4 10.cxd4 Ne7 11.c4 c6 12.Bb2 Bg4 13.d5 Bc5 14.Qb3 cxd5 15.cxd5 Bxf3
16.Bxf3 Rc8 17.Kg2 Bd6 18.Bd4 b6 19.Bg4 Rc7 20.Qb2 f5 21.Bf3 Ng6 22.Rae1 Qg5
23.Kh1 Rfc8 24.Qb5 Qd2 25.Rd1 Qxa2 26.Qd3 Qc2 27.Qe3 Nf8 28.Qg5 h6 29.Qh5 Rf7
30.Rfe1 Qb3 31.Re3 Qa4 32.Re6 Nxe6 33.dxe6 Re7 34.Bxg7 Kxg7 35.Rxd6 Qa1+
36.Kg2 Qf6 37.Rd7 Qxe6 38.Rxe7+ Qxe7 39.Qxf5 Rf8 40.Qc2 a5 41.Be4 Qe5 42.Qe2 Qd4
43.Qg4+ Kh8 44.f3 Qd2+ 45.Kh1 Qe2 46.Qh3 Qd1+ 47.Kg2 Qd2+ 48.Kh1 Qd6 49.Qf1 Rd8
50.Qa6 Qc5 51.Qb7 Rd1+  0-1